000 01309cab a2200445 4500
001 ABS58375
008 090401t1998 xxu||||| |||| 00| 0 eng d
035 _a(Sirsi) u84613
041 _aeng
245 _aFocus `98: Urban development
260 _c1998
350 _a0
490 _aEstates Gazette
_v(9808) 21 February 1998, 85-101(13)
520 _aSpecial report on urban development. Provides an overview of the work of the Urban Development Corporations and looks at schemes in the North East, the North West and Yorkshire, the Midlands, the South West and Wales and the London Docklands.
650 _aBIRMINGHAM
650 _aBLACK COUNTRY
650 _aCARDIFF
650 _aCOMMISSION FOR NEW TOWNS
650 _aENGLISH PARTNERSHIPS
650 _aLEEDS
650 _aLONDON DOCKLANDS
650 _aMANCHESTER
650 _aMERSEYSIDE
650 _aMIDLANDS
650 _aNEWCASTLE
650 _aNORTH EAST
650 _aNORTHWEST ENGLAND
650 _aPLYMOUTH
650 _aSHEFFIELD
650 _aSOUTH WEST
650 _aUDC
650 _aURBAN DEVELOPMENT CORPORATIONS
650 _aURBAN DEVELOPMENT
650 _aURBAN REGENERATION
650 _aWALES
650 _aYORKSHIRE
690 _aURBAN RENEWAL
942 _n0
948 _c02/03/1998
999 _c53191
_d53191